Siete culebras : (Record no. 22105)

000 -CABECERA
fixed length control field 01444nam a22002657a 4500
003 - IDENTIFICADOR DEL NÚMERO DE CONTROL
control field AR-CdUCM
008 - DATOS DE LONGITUD FIJA--INFORMACIÓN GENERAL
fixed length control field 190425b ||||| |||| 00| 0 spa d
040 ## - FUENTE DE LA CATALOGACIÓN
Agencia/entidad que catalogó originalmente la obra MUNICIPALIDAD PROVINCIAL DEL CUSCO
Entidad que transcribió la catalogación BIBLIOTECA MUNICIPAL DEL CUSCO
082 ## - NÚMERO DE LA CLASIFICACIÓN DECIMAL DEWEY
No. de Clasificación Sieteculebras/N°6/1994
245 ## - MENCIÓN DE TÍTULO
Título Siete culebras :
Resto del título Revista de cultura andina /
Mención de responsabilidad Mario Guevara Paredes, Director
260 ## - PUBLICACIÓN, DISTRIBUCIÓN, ETC.
Lugar de publicación, distribución, etc. Cusco :
Nombre de la editorial, distribuidor, etc. Sieteculebras,
Fecha de publicación, distribución, etc. 1994.
300 ## - DESCRIPCIÓN FÍSICA
Nº de Páginas Extensión 22 páginas. :
Otros detalles físicos ilustraciones ;
Dimensiones 30 cm.
440 ## - MENCIÓN DE SERIE/PUNTO DE ACCESO ADICIONAL--TÍTULO
Título Revista Siete Culebras.
Número de la parte/sección de una obra junio-julio 1994, N°6
9 (RLIN) 47452
505 ## - NOTA DE CONTENIDO CON FORMATO
Nota de contenido formateada Contenido: La sensualidad del lenguaje en Gregorio Martínez. Mario Pantoja. -- Carta a Oria. Alberto Marces. -- El mundo andino en la percepción de José Carlos Mariátegui. Enrique Rosas Paravicino. -- Cincuenta años de la creación del día del Cusco renovada fe en la profecía. Luis Nieto Degregori. -- Killku Warak´a. Abraham Valencia. -- Entrevista con Raúl Brozovich. Mario Guevara paredes. -- Sátira. Luis Negrón Alonso. -- Poesía. Shelma Guevara. -- Juan Alberto Osorio. -- Cuento. Pedro Gómez Muñoz.
650 ## - PUNTO DE ACCESO ADICIONAL DE MATERIA--TÉRMINO DE MATERIA
Descriptor Día del Cusco
9 (RLIN) 47137
650 ## - PUNTO DE ACCESO ADICIONAL DE MATERIA--TÉRMINO DE MATERIA
Descriptor Literatura cusqueña
9 (RLIN) 47453
650 ## - PUNTO DE ACCESO ADICIONAL DE MATERIA--TÉRMINO DE MATERIA
Descriptor Narradores cusqueños
9 (RLIN) 31142
650 ## - PUNTO DE ACCESO ADICIONAL DE MATERIA--TÉRMINO DE MATERIA
Descriptor Poesía cusqueña
9 (RLIN) 2323
700 ## - PUNTO DE ACCESO ADICIONAL--NOMBRE DE PERSONA
Nombre Personal Rosas Paravicino, Enrique
9 (RLIN) 417
700 ## - PUNTO DE ACCESO ADICIONAL--NOMBRE DE PERSONA
Nombre Personal Nieto Degregori, Luis
9 (RLIN) 6534
700 ## - PUNTO DE ACCESO ADICIONAL--NOMBRE DE PERSONA
Nombre Personal Brozovich, Raúl
9 (RLIN) 47254
700 ## - PUNTO DE ACCESO ADICIONAL--NOMBRE DE PERSONA
Nombre Personal Guevara paredes, Mario
9 (RLIN) 6574
942 ## - ELEMENTOS DE PUNTO DE ACCESO ADICIONAL (KOHA)
Fuente de clasificación
Tipo de item Revistas cusqueñas
945 ## - PROCESAMIENTO DE INFORMACIÓN LOCAL (OCLC)
Catalogador rac
Holdings
Estado de retiro (separado) Fuente de clasificación o esquema de estanterías Estado dañado Ubicación Sala donde se ubica Nombre de la colección Fecha de adquisición o compra Costo, precio normal en soles Signatura topográfica Código de Barras Última vez visto (Koha) Tipo de ítem (Koha)
No     Sala Hemeroteca Sala Hemeroteca Book Cart 2022-03-07 5.00 Sieteculebras/N°6/1994 REVC000810 2022-03-07 Revistas cusqueñas

Powered by Koha